Social research (Record no. 94587)
[ view plain ]
| 000 -LEADER | |
|---|---|
| fixed length control field | 00463nam a2200193Ia 4500 |
| 003 - CONTROL NUMBER IDENTIFIER | |
| control field | 0100 |
| 008 - FIXED-LENGTH DATA ELEMENTS--GENERAL INFORMATION | |
| fixed length control field | 130307s9999 xx 000 0 und d |
| 020 ## - INTERNATIONAL STANDARD BOOK NUMBER | |
| International Standard Book Number | 0321013751 |
| 040 ## - CATALOGING SOURCE | |
| Transcribing agency | ARRUPELIB |
| 050 ## - LIBRARY OF CONGRESS CALL NUMBER | |
| Classification number | H62.M337 1999 |
| 100 ## - MAIN ENTRY--PERSONAL NAME | |
| Personal name | Mctavish, Don |
| 245 ## - TITLE STATEMENT | |
| Title | Social research |
| 260 ## - PUBLICATION, DISTRIBUTION, ETC. (IMPRINT) | |
| Name of publisher, distributor, etc | Addison-Wesley |
| 260 ## - PUBLICATION, DISTRIBUTION, ETC. (IMPRINT) | |
| Date of publication, distribution, etc | 1999 |
| 650 ## - SUBJECT ADDED ENTRY--TOPICAL TERM | |
| Topical term following geographic name as entry element | Zimbabwe -- Periodicals |
| 650 ## - SUBJECT ADDED ENTRY--TOPICAL TERM | |
| Location of event | Zimbabwe -- History -- Periodicals |
| 700 ## - ADDED ENTRY--PERSONAL NAME | |
| Personal name | Loether, Herman |
| 942 00 - ADDED ENTRY ELEMENTS (KOHA) | |
| Koha issues (borrowed), all copies | 5 |
| Withdrawn status | Lost status | Source of classification or shelving scheme | Damaged status | Not for loan | Collection code | Home library | Current library | Shelving location | Date acquired | Total Checkouts | Full call number | Barcode | Date last seen | Date checked out | Copy number | Price effective from | Koha item type |
|---|---|---|---|---|---|---|---|---|---|---|---|---|---|---|---|---|---|
| Library of Congress Classification | Main Collection | ARRUPE LIBRARY | ARRUPE LIBRARY | 07/03/2013 | 7 | H62.M337 1999 | 46003046249 | 26/09/2023 | 14/09/2023 | 1 | 07/03/2013 | Monograph ( Printed materials) |